| 000 | 01605nam a22001937a 4500 | ||
|---|---|---|---|
| 003 | OSt | ||
| 005 | 20231215085938.0 | ||
| 008 | 231211s2002 ag ||||| |||| 00| f spa d | ||
| 020 | _a950072278X | ||
| 040 | _cbesoc | ||
| 100 | 1 |
_aAllende, Isabel, _d(1942-), _eautor |
|
| 245 | 1 | 3 |
_aLa ciudad de las bestias / _cIsabel Allende |
| 260 |
_aBueno Aires : _bSudamericana, _c2002 |
||
| 300 | _a304 p. | ||
| 500 | _aLa ciudad de las bestias es el primer tomo de la trilogía para jóvenes adultos de Isabel Allende (que incluye El reino del dragón de oro y El bosque de los pigmeos). | ||
| 520 | _aAlexander Cold es un muchacho americano de quince años que parte al Amazonas con su abuela Kate, periodista especializada en viajes. La expedición se interna en la selva en busca de una extraña bestia gigantesca. Junto a su compañera de viaje, Nadia Santos, y un centenario chamán indígena, Alex conocerá un mundo sorprendente y juntos vivirán una gran aventura. El universo ya conocido de Isabel Allende se amplía en La Ciudad de las bestias con nuevos elementos de realismo mágico, aventura y naturaleza. Los jóvenes protagonistas, Nadia y Alexander, se internan en la inexplorada selva amazónica llevando de la mano al lector en un viaje sin pausa por un territorio misterioso donde se borran los límites entre la realidad y el sueño, donde hombres y dioses se confunden, donde los espíritus andan de la mano con los vivos. Una aventura fantástica para lectores de todas las edades. [Nota del editor] | ||
| 650 | 4 |
_aLiteratura chilena _vNovela _ySiglo XXI _xColección juvenil |
|
| 942 |
_2udc _cOG _n0 |
||
| 999 |
_c153 _d153 |
||